[Event "Basel Carnival op"]
[Site "Basel"]
[Date "2024.02.03"]
[Round "2"]
[White "Kaser, Nicolas"]
[Black "Stojanovic, Mihajlo"]
[Result "0-1"]
[WhiteElo "1843"]
[BlackElo "2477"]
[PlyCount "96"]
[EventDate "2024.02.02"]
[EventType "swiss"]
[EventRounds "5"]
[EventCountry "SUI"]
[SourceTitle "CB07_2024"]
[SourceDate "2024.02.14"]
[SourceVersion "1"]
[SourceVersionDate "2024.02.14"]
[SourceQuality "1"]

1. d4 d5 2. Nf3 Nf6 3. e3 c5 4. b3 Nc6 5. Bb2 Bg4 6. Be2 e6 7. 0-0 Rc8 8. a3 Be7 9. Nbd2 cxd4 10. exd4 0-0 11. c4 Ne4 12. Re1 Nxd2 13. Nxd2 Bxe2 14. Qxe2 dxc4 15. Nxc4 Bf6 16. Rad1 Qd5 17. Rd3 Rfd8 18. Red1 Ne7 19. Ne5 Qb5 20. a4 Qa6 21. Ba3 Nf5 22. Qd2 h6 23. Nf3 Rd5 24. g4 Nh4 25. Nxh4 Bxh4 26. f4 Bf6 27. h4 Rcd8 28. Bb2 Bxh4 29. Qh2 Bf6 30. g5 hxg5 31. Rh3 g6 32. Kf2 Qd6 33. Bc1 Rxd4 34. Rh1 Rxf4+ 35. Bxf4 Qxf4+ 36. Qxf4 gxf4 37. Ke2 g5 38. Rc1 Rd7 39. Rc8+ Kg7 40. Rd3 Bd4 41. b4 e5 42. b5 g4 43. a5 f3+ 44. Kd1 e4 45. Rd2 e3 46. Rd3 e2+ 47. Ke1 Re7 48. Rxd4 f2+ 0-1

[Event "Piestany op-B"]
[Site "Piestany"]
[Date "2023.07.18"]
[Round "8"]
[White "Rakovsky, Jakub"]
[Black "Kaser, Nicolas"]
[Result "0-1"]
[WhiteElo "2073"]
[BlackElo "1860"]
[PlyCount "62"]
[EventDate "2023.07.11"]
[EventType "swiss"]
[EventRounds "9"]
[EventCountry "SVK"]
[SourceTitle "EXT 2024"]
[Source "ChessBase"]
[SourceDate "2023.10.10"]
[SourceVersion "1"]
[SourceVersionDate "2023.10.10"]
[SourceQuality "1"]

1. e4 c5 2. Nf3 Nc6 3. d4 cxd4 4. Nxd4 g6 5. Nc3 Bg7 6. Be3 Nf6 7. Bc4 Qa5 8. 0-0 0-0 9. Nb3 Qc7 10. Bg5 d6 11. Bxf6 exf6 12. Nb5 Qe7 13. Re1 Rd8 14. f4 a6 15. N5d4 Qc7 16. Nxc6 bxc6 17. Bd3 a5 18. a4 d5 19. Qf3 c5 20. Bb5 c4 21. Nd2 Bb7 22. exd5 Rxd5 23. Qf2 c3 24. bxc3 f5 25. Nb1 Rad8 26. Bd3 Bf8 27. Kf1 Bd6 28. c4 Bc5 29. Qh4 Rd4 30. g3 Qc6 31. Nd2 Qg2# 0-1

[Event "Piestany op-B"]
[Site "Piestany"]
[Date "2023.07.15"]
[Round "5"]
[White "Kaser, Nicolas"]
[Black "Hasala, Richard"]
[Result "0-1"]
[WhiteElo "1860"]
[BlackElo "1728"]
[PlyCount "92"]
[EventDate "2023.07.11"]
[EventType "swiss"]
[EventRounds "9"]
[EventCountry "SVK"]
[SourceTitle "EXT 2024"]
[Source "ChessBase"]
[SourceDate "2023.10.10"]
[SourceVersion "1"]
[SourceVersionDate "2023.10.10"]
[SourceQuality "1"]

1. Nf3 d5 2. c4 e6 3. e3 c5 4. d4 Nc6 5. Nc3 Nf6 6. cxd5 exd5 7. Be2 Be7 8. 0-0 0-0 9. dxc5 Bxc5 10. b3 Be6 11. Nb5 Ne4 12. Bb2 f5 13. Nbd4 Qd7 14. Rc1 Nxd4 15. Nxd4 b6 16. Bb5 Qf7 17. b4 Bxd4 18. Qxd4 Nd6 19. Bc6 Rac8 20. b5 Nc4 21. Rfd1 h6 22. Ba1 Rfd8 23. f3 Kh7 24. h4 Na5 25. h5 Nxc6 26. bxc6 Rc7 27. e4 Qxh5 28. Qe5 Qf7 29. exf5 Bxf5 30. g4 Bc8 31. Re1 Ba6 32. g5 Rdc8 33. Kf2 g6 34. gxh6 Bc4 35. Qg5 Rf8 36. Rc3 Qf4 37. Re7+ Rxe7 38. Qxe7+ Rf7 39. Qd8 Qd2+ 40. Kg3 Qe1+ 41. Kh2 Qxa1 42. Re3 Qf6 43. Qe8 d4 44. Re4 Qxf3 45. Re7 Qh5+ 46. Kg3 Qg5+ 0-1

[Event "Piestany op-B"]
[Site "Piestany"]
[Date "2023.07.12"]
[Round "2"]
[White "Nosal, Tobias"]
[Black "Kaser, Nicolas"]
[Result "0-1"]
[WhiteElo "1652"]
[BlackElo "1860"]
[PlyCount "102"]
[EventDate "2023.07.11"]
[EventType "swiss"]
[EventRounds "9"]
[EventCountry "SVK"]
[SourceTitle "EXT 2024"]
[Source "ChessBase"]
[SourceDate "2023.10.10"]
[SourceVersion "1"]
[SourceVersionDate "2023.10.10"]
[SourceQuality "1"]

1. e4 c5 2. c3 d5 3. exd5 Qxd5 4. d4 Nc6 5. Nf3 Bf5 6. Na3 cxd4 7. cxd4 0-0-0 8. Bc4 Qe4+ 9. Qe2 e6 10. Be3 Nf6 11. 0-0 Bg4 12. Rfd1 Bxf3 13. Qxf3 Qxf3 14. gxf3 Nd5 15. Rac1 Kb8 16. Nb5 Bb4 17. Nc3 Nce7 18. Bb3 Rd7 19. Ba4 Rc7 20. Nxd5 Nxd5 21. Rxc7 Kxc7 22. Kf1 Kd6 23. Bb3 Rc8 24. Ke2 Ba5 25. Rc1 Rxc1 26. Bxc1 Bc7 27. h3 Kc6 28. Bxd5+ Kxd5 29. Kd3 Bb6 30. Be3 e5 31. dxe5 Bxe3 32. fxe3 Kxe5 33. Kc4 f5 34. Kc5 g5 35. Kc4 h5 36. Kd3 g4 37. Ke2 Kd5 38. Kf2 Kc4 39. hxg4 hxg4 40. fxg4 fxg4 41. Kg3 Kd3 42. b4 Kxe3 43. b5 Kd4 44. b6 axb6 45. Kxg4 Kc3 46. Kf5 Kb2 47. Ke4 Kxa2 48. Kd4 Kb3 49. Kd3 b5 50. Kd2 b4 51. Kc1 Ka2 0-1

[Event "Hradec Kralove op 11th"]
[Site "Hradec Kralove"]
[Date "2022.11.08"]
[Round "5"]
[White "Kaser, Nicolas"]
[Black "Sykora, Marek1111"]
[Result "0-1"]
[WhiteElo "1877"]
[BlackElo "2251"]
[PlyCount "66"]
[EventDate "2022.11.05"]
[EventType "swiss"]
[EventRounds "9"]
[EventCountry "CZE"]
[SourceTitle "CBM 211 Extra"]
[Source "ChessBase"]
[SourceDate "2023.01.31"]
[SourceVersion "1"]
[SourceVersionDate "2023.01.31"]
[SourceQuality "1"]

1. e4 e5 2. Nc3 Nf6 3. f4 d5 4. fxe5 Nxe4 5. Qf3 Nxc3 6. dxc3 Be6 7. Bf4 c6 8. 0-0-0 Qa5 9. Kb1 Nd7 10. Nh3 h6 11. Bg3 d4 12. c4 Nxe5 13. Qe4 Ng6 14. Rxd4 Bc5 15. Rd1 0-0 16. Bd3 Rae8 17. Qf3 Bxh3 18. gxh3 Ne5 19. Qh5 Nxd3 20. Rxd3 Qb4 21. Rb3 Qxc4 22. Rd1 b6 23. Rc3 Qe2 24. Qg4 f5 25. Qc4+ Qxc4 26. Rxc4 Re4 27. Rxe4 fxe4 28. c3 Bf2 29. Bd6 e3 30. Bxf8 e2 31. Rc1 Kxf8 32. Kc2 e1Q 33. Rxe1 Bxe1 0-1

[Event "Basel op 25th"]
[Site "Basel"]
[Date "2022.10.08"]
[Round "2"]
[White "Kaser, Nicolas"]
[Black "Philippe, Christophe"]
[Result "0-1"]
[WhiteElo "1868"]
[BlackElo "2382"]
[PlyCount "80"]
[EventDate "2022.10.07"]
[EventType "swiss"]
[EventRounds "5"]
[EventCountry "SUI"]
[SourceTitle "CBM 210 Extra"]
[Source "ChessBase"]
[SourceDate "2022.11.30"]
[SourceVersion "1"]
[SourceVersionDate "2022.11.30"]
[SourceQuality "1"]

1. e4 Nf6 2. Nc3 d5 3. e5 Nfd7 4. Nxd5 Nxe5 5. Nc3 Nbc6 6. Bb5 a6 7. Bxc6+ Nxc6 8. d3 e5 9. Nge2 Bg4 10. f3 Be6 11. Be3 Qd7 12. Qd2 0-0-0 13. 0-0-0 Nd4 14. Kb1 Bb4 15. Rhe1 Rhe8 16. a3 Ba5 17. b4 Bb6 18. Kb2 Kb8 19. Ra1 c5 20. bxc5 Bxc5 21. Reb1 Rc8 22. Ne4 Ka8 23. Nxc5 Rxc5 24. c4 Rc6 25. Bxd4 exd4 26. Nf4 g5 27. Nxe6 Rcxe6 28. Re1 Re3 29. Rxe3 dxe3 30. Qc3 f5 31. d4 f4 32. d5 g4 33. Qd4 gxf3 34. gxf3 Qh3 35. Qxf4 Qg2+ 36. Kb3 Qd2 37. d6 Qd3+ 38. Kb4 e2 39. Re1 Re3 40. Qf8+ Ka7 0-1

[Event "Davos Summer op 21st"]
[Site "Davos"]
[Date "2022.08.05"]
[Round "1"]
[White "Mesa Regalado, Adrian"]
[Black "Kaser, Nicolas"]
[Result "0-1"]
[WhiteElo "1174"]
[BlackElo "1872"]
[PlyCount "42"]
[EventDate "2022.08.05"]
[EventType "swiss"]
[EventRounds "5"]
[EventCountry "SUI"]
[SourceTitle "CBM 209 Extra"]
[Source "ChessBase"]
[SourceDate "2022.09.30"]
[SourceVersion "1"]
[SourceVersionDate "2022.09.30"]
[SourceQuality "1"]

1. e4 e6 2. d4 d5 3. e5 c5 4. c3 Nc6 5. Nf3 Bd7 6. Be3 Qb6 7. b3 cxd4 8. cxd4 Bb4+ 9. Nbd2 Nge7 10. Bd3 Bc3 11. Rc1 Bb2 12. Rc2 Nb4 13. Qb1 Nxd3+ 14. Kf1 Bb5 15. Kg1 Ba3 16. h3 Nf5 17. Rc3 Qa6 18. Qc2 0-0 19. Kh2 Nxe3 20. fxe3 Nf2 21. Re1 Bd3 0-1